Trees and shrubs hardy in the British Isles.Vol.3 (Record no. 366656)

MARC details
000 -LEADER
fixed length control field 003370000a22001450004500
005 - DATE AND TIME OF LATEST TRANSACTION
control field 20250903143926.0
082 ## - DEWEY DECIMAL CLASSIFICATION NUMBER
Classification number 582.16 TRE.03
100 ## - MAIN ENTRY--PERSONAL NAME
Personal name Bean, W J
245 ## - TITLE STATEMENT
Title Trees and shrubs hardy in the British Isles.Vol.3
260 ## - PUBLICATION, DISTRIBUTION, ETC. (IMPRINT)
Place of publication, distribution, etc. London, John Murray
260 ## - PUBLICATION, DISTRIBUTION, ETC. (IMPRINT)
Date of publication, distribution, etc. 1914
300 ## - PHYSICAL DESCRIPTION
Extent 664
650 ## - SUBJECT ADDED ENTRY--TOPICAL TERM
Topical term or geographic name as entry element Trees and shrubs
942 ## - ADDED ENTRY ELEMENTS (KOHA)
Koha item type Books (General)
Holdings
Withdrawn status Lost status Damaged status Not for loan Collection code Home library Current library Shelving location Date acquired Total Checkouts Full call number Barcode Date last seen Price effective from Koha item type
        Reference Book College of Agriculture, Vellayani College of Agriculture, Vellayani Reference 02/05/2014   582.16 TRE.03 KAU_COAV-7127 02/05/2014 02/05/2014 Reference Book
Kerala Agricultural University Central Library
Thrissur-(Dt.), Kerala Pin:- 680656, India
Ph : (+91)(487) 2372219
E-mail: librarian@kau.in
Website: http://library.kau.in/